Iran : the land of norooz.
| Format: | Book |
|---|---|
| Published: |
[Tehran]:
Iran Exports,
1993.
|
| Subjects: |
| LEADER | 00375cam a2200145 7i4500 | ||
|---|---|---|---|
| 001 | 0000007195 | ||
| 005 | 19991102090000.0 | ||
| 002 | ##000005514 | ||
| 020 | 0 | 0 | |a T000004698 |
| 090 | 0 | 0 | |a IRAN 955 |b IRA |
| 245 | 0 | 0 | |a Iran : |b the land of norooz. |
| 260 | 0 | 0 | |a [Tehran]: |b Iran Exports, |c 1993. |
| 300 | 0 | 0 | |a 99 p.. |
| 650 | 0 | 0 | |a Iran |
| 999 | |a 0000005094 |b Book |c Open shelf |e Business Information Centre | ||